| 000 | 00469nam a2200181 i 4500 | ||
|---|---|---|---|
| 001 | 45685 | ||
| 003 | ES-MaACL | ||
| 005 | 20250820063032.0 | ||
| 007 | t| | ||
| 008 | 030326s1921 sp ||||1| spa d | ||
| 100 | 1 |
_aColoma, Luis, _d1851-1915 _939805 |
|
| 245 | 1 | 0 |
_aBoy / _cpor el padre Luis Coloma. |
| 250 | _a5ª ed. | ||
| 260 |
_aMadrid : _bRazón y Fé, _c1921. |
||
| 300 |
_a291 p. ; _c20 cm. |
||
| 852 |
_aES-MaACL _jF-3503 |
||
| 999 |
_c45685 _d45685 |
||